SQL Practice problems: (Record no. 6955)

MARC details
000 -LEADER
fixed length control field 00564nam a22001817a 4500
003 - CONTROL NUMBER IDENTIFIER
control field OSt
005 - DATE AND TIME OF LATEST TRANSACTION
control field 20210518111915.0
008 - FIXED-LENGTH DATA ELEMENTS--GENERAL INFORMATION
fixed length control field 210518b ||||| |||| 00| 0 eng d
020 ## - INTERNATIONAL STANDARD BOOK NUMBER
International Standard Book Number 9781520807638, 9781540422651
040 ## - CATALOGING SOURCE
Transcribing agency DDC
082 ## - DEWEY DECIMAL CLASSIFICATION NUMBER
Classification number 004 VAS 2016
100 ## - MAIN ENTRY--PERSONAL NAME
Personal name Vasilik, Sylvia Moestl
9 (RLIN) 14255
245 ## - TITLE STATEMENT
Title SQL Practice problems:
Remainder of title 57 Beginning, Intermediate, and Advanced Challenges for you to solve using a ''Learn-by-doing'' Approach.
260 ## - PUBLICATION, DISTRIBUTION, ETC. (IMPRINT)
Name of publisher, distributor, etc. Sylvia Moestl Vasilik
Date of publication, distribution, etc. 2016
300 ## - PHYSICAL DESCRIPTION
Extent 346p.;
Dimensions 26cm.
650 ## - SUBJECT ADDED ENTRY--TOPICAL TERM
Topical term or geographic name as entry element SQL
9 (RLIN) 14256
942 ## - ADDED ENTRY ELEMENTS (KOHA)
Source of classification or shelving scheme Dewey Decimal Classification
Koha item type Book
Holdings
Withdrawn status Lost status Source of classification or shelving scheme Damaged status Not for loan Home library Current library Date acquired Source of acquisition Inventory number Total Checkouts Full call number Barcode Date last seen Price effective from Koha item type Public note
    Dewey Decimal Classification     MUST Main Library MUST Main Library 18/05/2021 Purchase 21/41442   004 VAS 2016 2021-0551 18/05/2021 18/05/2021 Book Material in Hard copy